[Event "Werder Bremen IM-Turnier"]
[Site "SV Werder Bremen, Clubräume "]
[Date "2018.06.16"]
[Round "1.1"]
[White "Molchanov, Oleksii"]
[Black "Grigorian, Spartak"]
[Result "1/2-1/2"]
[WhiteElo "2350"]
[BlackElo "2359"]
[Annotator "Spartak Grigorian"]
[PlyCount "99"]
[EventDate "2018.??.??"]
[WhiteClock "0:31:35"]
[BlackClock "0:29:37"]

{Die erste Runde spiegelt meiner Meinung nach sehr gut mein Turnier wieder.
Ich riskierte einiges, erreichte gute Stellungen mit Chancen, doch wegen
meiner schlechten Gewinnverwertung und oberflächlichen Berechnung in
wichtigen Partiesituationen, ließ ich viele Punkte liegen.} 1. Nf3 d5 2. e3
Nf6 3. c4 e6 4. b3 c5 5. Bb2 Nc6 6. cxd5 exd5 7. Be2 {Dieser Interessante aber
zugleich passive Zug, war mir nicht bekannt.} (7. Bb5 {ist der Hauptzug}) 7...
Bd6 (7... d4 $5 8. Bb5 Bd6 9. exd4 (9. h3 O-O 10. O-O {1-0 (41) Iturrizaga
Bonelli,E (2624)-Kryvoruchko,Y (2703) Dubai 2018} Nd5 $1 $146 {Die Idee Df6
nebst Dg6 oder Dh6 sieht sehr gefährlich aus.} 11. Bxc6 bxc6 12. exd4 Qf6 13.
Nc3 Nf4 $40) 9... O-O 10. Bxc6 bxc6 11. O-O cxd4 12. Bxd4 Bg4 $44 {1/2-1/2 (52)
Topalov,V (2761)-Kramnik,V (2812) Leuven 2016}) 8. Nc3 O-O (8... d4 $5 9. exd4
cxd4 10. Nb5 Bc5 11. Rc1 b6 {Weiß sollte hier mit b4 spielen, um seinen
Figuren Raum zu geben.} 12. b4 Nxb4 13. Bxd4 $11) 9. d4 {[#]} cxd4 $1 $146 {
Diese Stellung wurde eine Woche später in der Partie Aronian - So bei der
Grand-Chess-Tour erreicht.} (9... Re8 10. dxc5 Bxc5 11. O-O {Der Läufer macht
auf der b8-h2 Diagonale einen besseren Eindruck. Hier wird er nach Zügen wie
z.B. Tc1 oder Sa4 erneut ziehen müssen.}) 10. Nxd4 Re8 (10... Nxd4 11. Qxd4
Re8 12. Rd1 Be5 13. Qd2 Bf5 14. O-O Rc8 15. Bf3 Ne4 $11 {1/2-1/2 (24) Aronian,
L (2764)-So,W (2778) Paris 2018}) 11. O-O {Über Zugumstellung erreichten wir
wieder eine öfter gespielte Stellung} Nxd4 12. Qxd4 Be5 13. Qd3 (13. Qd2 d4
14. Nb5 {Mir war diese Stellung völlig unklar. Hier kann man als Schwarzer
vielleicht Remis forcieren oder auf Risiko spielen indem man den Bauer nach d3
stellt.} (14. Rad1 Ng4 15. h3 Qh4 16. exd4 Bh2+ 17. Kh1 Bd6 18. Bb5 Re3 $1 19.
f4 {1-0 (24) Khismatullin,D (2657)-Ionov,S (2548) Dagomys 2010} Rg3 {Schwarz
hat einen starken Angriff}) 14... d3 (14... Ne4 15. Qd3 (15. Qd1 $2 d3 16. Bxd3
Bxb2 17. Bxe4 Bxa1 $17) 15... Nc5 16. Qd2 Ne4 $11) 15. Bf3 Ng4 16. Bxg4 Bxb2
17. Qxb2 Bxg4 18. Qd2 {In dieser Stellung war mir in meiner Vorrausberechnung
nicht klar, ob der Bauer auf d3 schwach oder stark ist.} Bf3 $1 19. Nd4 (19.
gxf3 $2 Qg5+ 20. Kh1 Qxb5 $17) 19... Be4 {[%cal Gd8d5,Rg2g3,Rf2f3] Die Idee
ist es mit Dd5 Druck auf die Bauern vor dem König zu machen, um Schwächen zu
provozieren. Die Stellung ist sehr unklar. aber könnte meiner Meinung nach
schnell besser für Weiß werden, wenn Schwarz es nicht schafft genügend
Schwächen am Königsflügel zu provozieren.}) 13... Ne4 14. Rad1 (14. Nxe4
Bxb2 15. Rad1 Bf5 16. Qd2 Bxe4 17. Qxb2 Rc8 18. Rc1 Qb6 19. Rfd1 h6 20. Qd2
Red8 21. Bd3 Qg6 22. Bxe4 {Weiß hat es geschafft alle Leichtfiguren zu
tauschen und hat einen angenehmen Vorteil, dank der besseren Bauernstruktur.
Den Bauern zu halten ist extrem schwer.} Qxe4 {1-0 (53) Giri,A (2767)
-Dominguez Perez,L (2752) Novi Sad 2016}) 14... Bf5 (14... Qd6 $5 {Ein
interessanter Zug, welcher kaum Beachtung von mir bekam, da mir der
Entwicklungszug Lf5 viel logischer vorkam.} 15. g3 (15. Nxe4 $4 Bxh2+ 16. Kh1
Qh6 $19) (15. f4 Bxc3 16. Bxc3 Nxc3 17. Qxc3 Bf5 18. Bf3 Be4 $11 {Beide haben
eine schwäche und daher sollte die Stellung ausgeglichen sein.}) 15... Bf5 16.
Nxe4 Bxe4 $11 {Eine ähnliche Stellung wie in der Partie, nur dass Dd6 viel
sinnvoller als g3 erscheint.}) 15. Nxe4 Bxe4 16. Qd2 {[#]} Bxh2+ $4 {Mir war
bewusst, dass es nicht verliert für Weiß, doch es sah sehr gefährlich aus.
Nachdem ich auch sehr viel Zeit in diese Varianten investierte, traf ich hier
eine sehr emotionale und schlechte Entscheidung.} (16... Qg5 17. g3 Bd6 {
Diese Stellung war die Alternative zum schlechen Läuferopfer. Die Stellung
sollte im Gleichgewicht sein. Anders als in der oben erwähnten Giri-Partie
würde ich die Leichtfiguren auf dem Brett lassen.} (17... Bxb2 {Der Computer
bevorzugt den Läuferabtausch} 18. Qxb2 Rac8 19. Rc1)) 17. Kxh2 Qh4+ 18. Kg1
Bxg2 19. Kxg2 Re6 {[#]} (19... Qg5+ 20. Kf3 $1 Re4 (20... Qh5+ 21. Kg3 Qg5+ 22.
Bg4 h5 23. Qe2 $18) (20... Re6 21. Qxd5 $18) 21. Rg1 {Dieser einzige Zug
reicht völlig aus und gewinnt sofort. Weiß kann nun über g2-f1 entkommen.})
20. Rh1 $1 Rg6+ 21. Bg4 $1 {Weiß lenkt eine Figur nach g4, das ermöglicht
seinen König in Sicherheit zu bringen.} Qxg4+ (21... Rxg4+ 22. Kf3 $18 {
Es geht nicht weiter...}) 22. Kf1 Rc8 {[#]} 23. Ke1 (23. Qxd5 $1 {Natürlich
sollte Weiß den Bauer einfach nehmen. Aber ihn vorher zu decken mit Td8 wär
zu passiv von mir.} h6 24. Rd4 $18 {Schwarz muss die Damen tauschen.}) 23...
Rg5 24. Qd4 Qg2 25. Qh4 h6 {[#]} 26. Rf1 $2 (26. Qh3 {Weiß hat hier
korrekterweise die Damen nicht abgetauscht, aber sein Partiezug war nicht
besser.} Rc2 27. Qxg2 Rxg2 28. Bc1 Rgxf2 29. Bd2 Rg2 $132) (26. Rd2 $1 $18 {
Schwarz droht nichts außer Tc2.}) 26... Rc2 27. Bc1 Rxa2 (27... Qf3 {Hier
habe ich eine Remis-Fortsetzung gesehen, jedoch wollte ich plötzlich mehr.}
28. Bd2 d4 29. Qxd4 $6 Rd5 30. Qf4 Qxd1+ (30... Qg2 $1 31. a4 Rdxd2 32. Rxd2
Rc1+ 33. Rd1 Rxd1+ 34. Kxd1 Qxf1+ $17) 31. Kxd1 Rdxd2+) 28. Bd2 (28. Qd4 $1 {
Weiß sollte d4 nicht erlauben}) 28... d4 $1 29. Qxd4 Rd5 30. Qc4 b5 31. Qe2
Qe4 {Nun versuche ich mir den b3 Bauern zu schnappen. Weiß wirkt sehr
gelähmt.} 32. f3 Qc2 33. e4 $6 (33. b4 Rd3 34. Rf2 Qb3 35. Kf1 Qc4 $132) 33...
Rd3 {Verbessert den schwarzen Turm} 34. e5 $2 (34. b4 {Weiß sollte den Bauern
nicht so einfach geben.} Qb3 $17) 34... Qxb3 35. Qe4 (35. Kf2 {Nur so kann
Weiß die Drohung Taxd2 verhindern, aber dann läuft der Bauer durch.} Qd5 36.
Ke1 b4 $19 {Weiß kann nichts machen, der Bauer läuft durch.}) 35... Raxd2 36.
Qa8+ {[#]} Kh7 $4 {Der Computer zeigt erst noch Gewinn für Schwarz an, aber
nach einer forcierten Sequenz erreicht Weiß ein Remis Endspiel.} (36... Rd8 {
gewinnt sofort! In Zeitnot sah Kh7 auch gewonnen aus. Kritisieren muss ich
hier besonders, dass ich den Turm-Rückzug nichtmal als Kandidaten hatte.} 37.
Qxd8+ Rxd8 38. Rxd8+ Kh7 {Die verbunden (a+b) Freibauern laufen durch.}) 37.
Rxd2 Qb1+ 38. Ke2 Rxd2+ 39. Kxd2 Qxf1 40. Qe4+ Kh8 41. Qa8+ Kh7 42. Qe4+ g6 {
[#]} 43. e6 $1 {Natürlich war ich etwas erschrocken, dass ich trotz der
vielen Mehrbauern nicht über ein Remis hinauskommen werde.} Qf2+ (43... Qh3
44. e7 Qd7+ 45. Kc3 Qe8 {Trotz der vielen Mehrbauern reicht es hier nicht zum
Sieg, wenn Weiß seinen König zu seinem Freibauern bringt.} 46. Kb4 f6 47. Kc5
Kg7 48. Kd6 a5 49. Qc6 Kf7 50. Qd5+ Kg7 51. Qc6 $11) 44. Kd3 fxe6 45. Qb7+ Kg8
46. Qc8+ Kf7 47. Qc7+ Ke8 (47... Kf6 48. Qf4+) 48. Qc8+ Ke7 49. Qc7+ Kf6 50.
Qf4+ {Durch viele Fehler auf beiden Seiten, wurde die Partie trotz einer
soliden Eröffnung und frühem Figurentausch sehr spannend. Die frühe
Partiephase war strategisch sehr Interessant und bekam durch das fragwürdige
doppelte Läuferopfer einen völlig anderen Charakter. Wieder einmal
bestätigte sich die Behauptung, dass Angreifen einfacher als Verteidigen ist.
Mein Gegner verpasste zu meinem Glück mit Dxd5 die Initiative plus Mehrfigur.
Dadurch kam ich nochmal zu etwas Gegenspiel, wo ich bei gegenseitiger Zeitnot
eine Gewinnstellung erreichte. Die oberflächliche Stellungsbewertung vom
Damenendspiel verhinderte verdient den vollen Punkt.} 1/2-1/2

[Event "Werder Bremen IM-Turnier"]
[Site "SV Werder Bremen, Clubräume "]
[Date "2018.06.16"]
[Round "1.2"]
[White "Kardoeus, David"]
[Black "Osmanodja, Filiz"]
[Result "0-1"]
[WhiteElo "2226"]
[BlackElo "2352"]
[Annotator "Matthias Krallmann"]
[PlyCount "56"]
[EventDate "2018.??.??"]
[WhiteClock "0:12:21"]
[BlackClock "0:17:29"]

1. e4 c5 2. Nf3 d6 3. d4 cxd4 4. Nxd4 Nf6 5. Nc3 Nc6 6. Bg5 e6 7. Qd2 Be7 8.
O-O-O O-O 9. h4 Nxd4 10. Qxd4 Qa5 11. Kb1 Bd7 12. Qd2 Kh8 13. f4 (13. f3 b5 14.
g4 Rab8 15. Be3 b4 16. Ne2 e5 17. h5 Be6 18. Nc1 Rfd8 19. g5 Ng8 20. Bh3 d5 21.
Qh2 d4 22. Bd2 d3 23. cxd3 Rb6 24. Bxe6 fxe6 25. Be3 Ra6 26. Qc2 Qb5 27. Qc4
Qb7 28. h6 g6 29. d4 Rc8 30. Qb3 Ra3 31. bxa3 Rc3 32. Qb2 Rxe3 33. d5 Bxg5 34.
Qxb4 Qd7 35. Qf8 Rc3 36. dxe6 Qb7+ 37. Ka1 {1-0 (37) Schiffer,K (2234)-Plukkel,
S (2298) Germany 2014}) 13... Bc6 14. Rh3 Rfd8 15. Bd3 Rac8 16. Qe2 e5 17. Bc4
exf4 18. Bxf4 Bd7 {[#]} 19. Bxf7 $6 (19. Rg3 Nh5 20. Rf3 Bg4 21. Bd2 Rf8 22.
Nb5 Qb6 23. Be3 Qa5 $11) 19... Bxh3 20. gxh3 Rf8 21. Be6 Rce8 22. Nd5 Nxd5 23.
Rxd5 Qa6 24. Qh5 $2 (24. Qg4) 24... Rxf4 $1 25. Qxe8+ Rf8 26. Qh5 g6 27. Qg4
Rf1+ 28. Rd1 h5 0-1

[Event "Werder Bremen IM-Turnier"]
[Site "SV Werder Bremen, Clubräume "]
[Date "2018.06.16"]
[Round "1.3"]
[White "Wachinger, Nikolas"]
[Black "Charmeteau, Sven"]
[Result "1-0"]
[WhiteElo "2292"]
[BlackElo "2287"]
[Annotator "Matthias Krallmann"]
[PlyCount "53"]
[EventDate "2018.??.??"]
[WhiteClock "0:26:07"]
[BlackClock "0:00:38"]

1. e4 c5 2. Nc3 a6 3. g3 b5 4. Bg2 Bb7 5. d3 e6 6. f4 d5 {[#]} 7. f5 {Diese
Idee wurde bereits zweimal von Spielern aus einer kleinen Nachbarstadt von
Bremen erprobt.} b4 $2 (7... d4 8. fxe6 fxe6 (8... dxc3 9. exf7+ Kxf7 10. bxc3
Be7 11. Nf3 g6 12. O-O Kg7 13. d4 Nd7 14. d5 Nb6 15. Bf4 Nc4 16. Nd2 Nb6 17. c4
Nf6 18. d6 Bxd6 19. e5 Be7 20. Bxb7 Ra7 21. exf6+ Bxf6 22. Bc6 Qd4+ 23. Kh1 g5
24. Ne4 gxf4 25. Qg4+ Kf8 26. Rad1 {1-0 (26) Kollars,D (2510)-Thogersen,R 
(2222) Helsingor 2017}) 9. Nce2 e5 10. Nf3 Nc6 11. O-O Be7 12. c3 Qd6 13. cxd4
cxd4 14. a4 Qe6 15. Kh1 h6 16. Nxe5 Qxe5 17. Nf4 Rh7 18. Nd5 Bd6 19. axb5 axb5
20. Rxa8+ Bxa8 21. Qb3 Nce7 22. Bf4 Bxd5 23. exd5 {1-0 (23) Huschenbeth,N 
(2585) -Engel,L (2319) Apolda 2017}) 8. Nce2 $2 (8. fxe6 bxc3 9. exf7+ Kxf7 10.
Nf3 dxe4 (10... Ke8 11. Ng5 Nf6 12. O-O h6 13. Ne6 Qd7 14. exd5) 11. Ng5+ Ke8
12. bxc3 {mit sehr starkem Angriff für die geopferte Figur}) 8... dxe4 (8...
exf5 9. e5 (9. exf5 Nf6 $15 10. Nf3 Bd6 11. O-O Nbd7 12. d4 O-O 13. h3 Re8 14.
g4) 9... Ne7 10. Nf3 Nbc6 11. d4 Ng6 $11) 9. fxe6 {[#]} f5 $2 (9... fxe6 10.
Nf4 Nf6 11. Ngh3 Bd6 12. O-O $14) 10. Nh3 Be7 11. O-O g6 12. Nf2 Nf6 13. Bh6 {
[#] Hier steht Weiß bereits auf Gewinn.} Qb6 14. Bg7 (14. dxe4 Nxe4 15. Nxe4
fxe4 16. Nf4 c4+ 17. Kh1 Qc5 18. c3 {Weiß öffnet die Stellung gegen den in
der Mitte verbliebenen schwarzen König. Diese Position ist hoffnungslos für
den Nachziehenden.}) 14... Rg8 15. Bxf6 Bxf6 16. dxe4 Bxb2 17. Rb1 Be5 18. exf5
Bxg2 19. Kxg2 gxf5 20. Nf4 (20. Nd3 Bd6 21. Nef4 $18 Qb7+ 22. Kg1 Nc6 23. Qh5+)
20... Bxf4 21. Qh5+ Kd8 (21... Rg6 22. Qxf5 Qc6+ 23. Kg1 Bxg3 24. Qf7+ Kd8 25.
e7+ Kc7 26. e8=Q+ Nd7 27. Qfxd7+ Qxd7 28. Qxa8 $16) 22. Rbd1+ (22. Qxf5 Re8 23.
Qxf4 $18) (22. e7+ Kxe7 23. Rfe1+ (23. Rbe1+ Kd8 24. Qf7 (24. Qxf5 Qc6+ (24...
Bd6 25. Ne4 Nd7) 25. Ne4) 24... Qc6+ 25. Kg1 Rg6 26. Qxf5) 23... Kf6 24. Qxh7
Nc6) 22... Kc8 23. Qxf5 Bc7 24. Ne4 Kb7 25. e7 (25. Qxh7 $18) 25... Nc6 $2 (
25... Re8 26. Rfe1 $16) 26. Rd7 Nd4 $2 {[#]} 27. Nxc5+ 1-0

[Event "Werder Bremen IM-Turnier"]
[Site "?"]
[Date "2018.06.17"]
[Round "2.4"]
[White "Osmanodja, Filiz"]
[Black "Wachinger, Nikolas"]
[Result "0-1"]
[WhiteElo "2352"]
[BlackElo "2292"]
[Annotator "Matthias Krallmann"]
[PlyCount "60"]
[EventDate "2018.??.??"]

1. e4 c5 2. Nf3 a6 3. Nc3 e6 4. d4 cxd4 5. Nxd4 b5 6. Bd3 d6 7. O-O Nf6 8. a4
b4 9. Na2 e5 10. Nb3 Nc6 {[#]} 11. c3 {Filiz entscheidet sich dafür den
vorgerückten Bauern sofort abzutauschen. Das ist nicht das Beste. Wenn sie
erst Figurendruck gegen b4 gemacht hätte, hätte sie auf Eröffnungsvorteil
spielen können.} (11. Bd2 Qb6 12. a5 Qb7 13. Qe1 Rb8 14. Bc4 $6 (14. Qe2 Be7 (
14... Ra8 15. Bc4 Be6 16. Bg5 Be7 17. Rfd1 $14) 15. Bc4 O-O 16. Rfe1 $14) 14...
Be6 $1 $11 {0-1 (49) Bartel,M (2641)-Svidler,P (2753) Dubai 2014}) 11... bxc3
12. Nxc3 (12. bxc3 Bg4 13. f3 Be6 14. c4 Rb8 15. Kh1 Be7 16. Nc3 O-O $11) 12...
Be6 13. Bg5 (13. Nd2 Be7 14. Nc4 a5 15. Be3 Rb8 $11) 13... Be7 14. Nd2 O-O 15.
Bxf6 (15. Nc4 Rb8 16. a5 Nd7 17. Be3 Nc5 $11) 15... Bxf6 16. Bc4 Nd4 17. Nd5
Bg5 18. a5 Rb8 19. Ra2 (19. Nb3 Bxd5 20. Bxd5 Ne6 $11) 19... Qc8 20. b3 Bxd5
21. Bxd5 Bxd2 22. Qxd2 Qc5 23. Qd3 Rb5 24. Rfa1 Rfb8 25. Bc4 Rb4 {Bei knapper
Bedenkzeit verlieren beide Spieler die Übersicht.} 26. Rc1 $4 {[#] Das stellt
die etwas plumpe Drohung Lxf7 mit Schach und Damengewinn auf, fesselt sich
jedoch aufgrund der ungedeckten Stellung des Turms c1 selbst.} (26. h3 {
Ein Luftloch ist in solchen Stellungen immer wichtig.} Nxb3 $6 (26... g6 27.
Bd5 Nxb3 28. Bxb3 Rxb3 29. Qxa6 Rb1+ 30. Rxb1 Rxb1+ 31. Kh2 Qc1 32. Qd3 Qf4+
33. Qg3 Qxe4 34. a6 Rh1+ 35. Kxh1 Qb1+ 36. Kh2 Qxa2 37. Qd3 Qxf2 38. Qxd6 Qf4+
$11) 27. Bxb3 Rxb3 28. Qxa6 $14) 26... Nxb3 $4 (26... d5 $1 {So konnte Schwarz
die Diagonale a2-g8 schließen und den gefesselten Läufer c4 erobern.} 27.
exd5 Nxb3 28. Rc3 Nxa5 {Aufgrund der Grundreihenschwäche kann man die Figur
nicht retten.}) 27. Bxf7+ Kh8 {[#]} 28. Rd1 $4 {Der letzte Fehler entscheidet.}
(28. Rxc5 Nxc5 29. Qf1 Rb1 30. f3 $11) 28... Nc1 29. Qxa6 Nxa2 30. Bxa2 Rb2 0-1

[Event "Werder Bremen IM-Turnier"]
[Site "SV Werder Bremen, Clubräume "]
[Date "2018.06.18"]
[Round "3.1"]
[White "Kardoeus, David"]
[Black "Grigorian, Spartak"]
[Result "0-1"]
[WhiteElo "2226"]
[BlackElo "2359"]
[Annotator "Spartak Grigorian"]
[PlyCount "82"]
[EventDate "2018.??.??"]
[WhiteClock "0:29:42"]
[BlackClock "0:01:43"]

1. e4 c5 2. Nf3 d6 3. d4 cxd4 4. Nxd4 Nf6 5. Nc3 a6 6. Bg5 e6 7. f4 h6 8. Bh4
Qb6 9. Qd3 Qxb2 10. Rb1 Qa3 11. Bxf6 gxf6 12. Nb3 Nd7 13. Qd4 {David hat die
Varianten vertauscht} Be7 (13... Rg8 $1 14. g3 b5 (14... h5 $5 15. Be2 h4) (
14... f5 $5 15. exf5 Bg7 16. Qe3 Qb4 17. Kd2 Nf6 {[%cal Gf6e4]} 18. Nd4 Qc5 19.
Nb3 Qxe3+ 20. Kxe3 b5 $15 {[%cal Ga8a7,Ga7c7]}) 15. Be2 Bb7 16. Bh5 f5 $17 {
[%cal Gb7h1] Es sieht nicht danach aus, dass Weiß genügend Gegenspiel
bekommt.}) 14. Be2 {[#]} h5 {Weiß möchte in dieser Struktur immer sehr gerne
seinen Läufer nach h5 stellen, um den Druck zu erhöhen.} 15. O-O b5 16. Kh1
Bb7 (16... h4 17. Bg4 (17. Rf3 $6 h3) 17... Bb7 18. Rbe1 Rc8 $17 19. Qa7 Bc6
20. Nd5 h3 $3 (20... exd5 $4 21. exd5 {Schwarz kann aufgeben}) (20... Bxd5 21.
exd5 e5 {funktioniert nicht, da der Springer auf d7 hängt.}) (20... Z0 21. Nd4
) 21. Rf2 (21. gxh3) 21... hxg2+) 17. Rf3 h4 18. Rh3 Bc6 {soll Tc8 vorbereiten.
} (18... Nc5 $1 {Schwarz sollte so langsam mit Sc5 die Dame zurückholen} 19.
Nd2 (19. Nc1 Qa5) 19... Qa5 20. f5 Qc7 $6 (20... Bc6 21. Bg4 e5 22. Qe3 Bd8 $17
) 21. a4 $1) (18... Rc8 $2 19. Qa7 Bc6 20. Nxb5 $16) 19. Re1 (19. Qd1 $1 {
[%cal Gb3d4] mit der Idee Sd4} Rc8 (19... b4 20. Nd4 $1 (20. Nd5 $5) 20... bxc3
21. Nxc6 Qa4 22. Nd4 Nc5 23. Re3 $132) 20. Nd4 Qa5 21. f5 Nc5 22. Nxc6 (22.
fxe6 fxe6 23. Bh5+ Kd8 $15) 22... Rxc6 23. Bh5 {Weiß wird konkret} Nb7 24.
Rxh4 Rxh5 25. Qxh5 Qxc3 26. fxe6 Nd8 27. exf7+ Nxf7 28. Qg6 Qxc2 29. Rg1 Qc4 {
Die Engine sieht hier die schwarzen Steine vorne.}) 19... Rc8 20. Bg4 Rc7 $1 {
[#] bereitet sich gegen Sd5 vor. Interessanterweise sahen David und ich hier
Weiß schon besser, die Engine stimmt uns jedoch nicht zu.} 21. Nd5 $1 Bxd5 {
Mit unter 10 Minuten für ca. 20 Züge öffnet man nicht gerne die E-Linie.
Lxd5 ist eine praktische Entscheidung.} (21... exd5 22. exd5 Bb7 23. Rhe3 Ne5
24. fxe5 fxe5 25. Rxe5 $3 dxe5 26. Qxe5 {Weiß bekommt den Turm mit Zinsen
wieder. Hinzu kommt das Schwarz sehr seltsam steht.} O-O 27. Qxc7 Bd6 28. Qxb7
Qb4 $1 $11 {Unglaublich...}) 22. exd5 e5 23. Bxd7+ {Ist Anscheinend eine
Ungenauigkeit, aber der beste Enginezug Dd2 kommt auch nicht weiter. Während
der Partie hielt ich diesen Zug ebenfalls wie David am besten.} (23. Qd2 Nb6
24. Rf3 Qxa2 $15) 23... Kxd7 $1 (23... Rxd7 24. Qc3 {Erlaubt Weiß die C-Linie}
) 24. fxe5 fxe5 25. Qg4+ Ke8 26. Rf3 Qxa2 (26... Qa4 $1 27. Qg7 Rf8 28. Qh7 Qc4
$19 {Schwarz steht wohl sicher und kann demnächst die weißen Bauern am Df
einsammeln.}) 27. h3 {macht sich ein Luftloch und verhindert plötzliches
Gegenspiel von Schwarz mit eigenem h3.} (27. Ref1 $1 Rf8 28. R3f2 Qa4 29. Qh5 {
Weiß gewinnt den f7, aber sehr schwer zu sehen - besonders 28.T3f2} Kd8 30.
Rxf7 Rg8 $17 {Die Engine sieht hier trotzdem Schwarz vorne.}) (27. Qg7 Rf8 28.
Ref1 h3 $3 {lenkt den Turm ab.} (28... Qxc2 29. Rxf7 Rxf7 30. Qxf7+ Kd8 31.
Qg8+ Kd7 32. Qe6+ $11) (28... Bd8 $5) 29. Rxh3 (29. gxh3 Rxc2 $19) (29. Rxf7
hxg2+ 30. Kxg2 Rxc2+ 31. Kg1 Rxf7 32. Qxf7+ Kd8 $19) 29... Qxc2 30. Rhf3 Qg6
$19 {Damentausch}) 27... Rc4 $2 {Nach Dxa2 meine nächste Ungenauigkeit
während der Zeitnot.} 28. Qg7 Rf8 {[#]} 29. Ra1 $2 (29. Ref1 $1 Rxc2 30. Rxf7
Rxf7 31. Rxf7 Qb1+ 32. Kh2 Rxg2+ $3 {Diese Kombination ist der einzige Weg
für das Remis. Ob ich das gefunden hätte in der Zeitnot? Ich weiß es nicht,
auch wenn Schwarz nichts anderes hat.} 33. Qxg2 $4 (33. Kxg2 Qc2+ 34. Kf3 $2 {
Weiß verliert sogar, wenn er etwas riskiert.} e4+ $1 35. Kg4 (35. Ke3 Bg5+ $1
36. Qxg5 Qxb3+ 37. Ke2 Qc4+ 38. Kd1 Qd4+ 39. Kc2 Kxf7 {Schwarz hat ein
gewonnenes Damenendspiel.}) 35... Qd1+ 36. Kf5 Qxd5+ 37. Kg6 Qe6+ $19) 33...
Kxf7 $19) 29... Qxc2 30. Rxa6 Qd1+ 31. Kh2 Qxd5 {Schwarz steht wieder auf
Gewinn, da Davids Idee mich über den anderen Flügel zu besiegen, meine Dame
wieder aktiviert hat.} 32. Ra7 e4 33. Rf2 e3 {Ebenfalls stark, aber warum ich
die Damen in sehr starker Zeitnot nicht tauschte, bleibt mir ein Rätsel.} (
33... Qe5+ 34. Qxe5 dxe5 $19) 34. Re2 Re4 35. Na5 {David holt zum letzten
Gegenspiel aus.} Qe5+ 36. Qxe5 {[#]} Rxe5 $4 {Davids kreative Gegenwehr
brachte ihn wieder in die Partie zurück.} (36... dxe5 {nebst f5 und schwarz
gewinnt mit den vielen Mehrbauern sehr einfach.}) 37. Nc6 Bf6 (37... Re4 38.
Nxe7 Rxe7 39. Ra8+ $18 {Und Weiß gewinnt meinen Turm, diese Taktik bemerkte
ich erst nachdem ich Txe5 gespielt hatte.}) 38. g3 (38. Nxe5 Bxe5+ 39. Kh1 Bd4
40. Rb7 Rh8 {Weiß sollte so spielen, dass Wahrscheinlichste Ergebnis ist wohl
Remis. Wobei Schwarz derjenige ist, der wegen den vielen Bauern etwas
versuchen kann.}) 38... hxg3+ 39. Kg2 Re6 40. Kf3 (40. Ra8+ Kd7 41. Rxf8 Kxc6
$19 {Schwarz steht in dieser Version auf Gewinn. Sein Turm ist schon aktiv.}) (
40. Rc2 {Meiner Meinung nach der letzte Versuch. Tc2 hat die Idee: Dauerschach
zu drohen mit Ta7 und Ta8+, aber ich sah den einzigen Gewinnzug in der Partie.}
d5 $1 41. Ra8+ Kd7 42. Rxf8 e2 $3 {Ganz wichtig} (42... Rxc6 43. Rxf7+ Ke8 44.
Rxc6 Kxf7 45. Kxg3 $14 {Könnte eventuell Remis sein, aber Weiß steht eher
besser, da er die Bauern unter Kontrolle hat.}) 43. Rxe2 Rxe2+ 44. Kf3 g2 $19)
40... Rh8 41. Rc2 Kf8 {Verhindert das Dauerschach} 0-1

[Event "Werder Bremen IM-Turnier"]
[Site "?"]
[Date "2018.07.01"]
[Round "3.2"]
[White "Wachinger, Nicolas"]
[Black "Molchanov, Oleksii"]
[Result "1/2-1/2"]
[WhiteElo "2292"]
[BlackElo "2359"]
[Annotator "Oleksii Molchanov"]
[PlyCount "78"]
[EventDate "2018.??.??"]

1. e4 c6 2. d4 d5 3. e5 Bf5 4. Nf3 e6 5. Be2 c5 6. Be3 Qb6 7. Nc3 Nc6 8. O-O
Qxb2 {[#]} 9. Qe1 cxd4 10. Bxd4 Nxd4 11. Nxd4 Bb4 12. Rb1 Bxc3 13. Rxb2 Bxe1
14. Rxe1 b6 {[#] The end of theory. Position is equal.} 15. h4 (15. Bb5+ $142
Kf8 16. Nxf5 exf5 17. Rb3 Rc8 18. Ra3 a5 19. Bd3 Ne7 20. Rb1 Rc6 21. Rab3 $14 {
Dreev (Red.)}) 15... h5 16. Nb5 Kf8 17. Nd6 Ne7 18. c4 dxc4 19. Bxc4 Rd8 {
[#] Till that moment moment white was doing well. Though black has an extra
pawn it is black who needs to play careful to keep an equality because of his
lack in development and white active pieces.} 20. g3 $6 {It helps black to
open files on kingside and maintain the initiative.} g5 21. hxg5 h4 22. Kg2
hxg3 23. fxg3 Rg8 24. Rf2 Rxg5 25. Ref1 Rd7 26. Bb3 {[#]} Ng6 $2 {Strategic
mistake. While black has better static factors because of better pawn
structure on the kingside and an extra pawn on the queenside he shouldn't 
(mustn't) use dynamic resources. Continueing Rd7-c7-c5(c3) activating the
worst piece should give black almost winning position.} 27. Nxf5 exf5 28. e6
Rd3 29. exf7 Rdxg3+ 30. Kh1 f4 31. Rd1 Kg7 32. Rd8 Nf8 33. Rd4 f3 34. Kh2 Rg2+
35. Rxg2 Rxg2+ 36. Kh3 Ng6 37. Rd8 Nf4+ 38. Kh4 Ng6+ 39. Kh3 Nf4+ 1/2-1/2